000 00499nam a2200169 a 4500
001 000013160
005 20240412074237.0
008 091120s1968 dr r 000 j spa d
040 _aDO-SdBNP
_bspa
_cBNPHU
082 _aRD863.44
_bS994g
100 1 _aSuero, Angel Augusto
_97384
245 1 3 _aEl gato boca arriba /
_cAngel Augusto Suero.
260 _aSanto Domingo :
_bMontalvo,
_c1968.
300 _a131 p. ;
_c22 cm.
650 4 _aCuentos dominicano
_923618
650 0 _aLiteratura dominicana.
_967
999 _c12799
_d12799